| 000 | 00000nam##2200000za#4500 |
| 001 | 9.695198 |
| 003 | CaOODSP |
| 005 | 20210624234451 |
| 007 | cr ||||||||||| |
| 008 | 150407|2001||||xxc|||||o f|0| 0 eng|d |
| 040 | |aCaOODSP|beng |
| 043 | |an-cn--- |
| 086 | 1 |aC2-553/2001E-PDF |
| 110 | 1 |aCanada. |bIndustry Canada. |
| 245 | 10|aPerformance of Canada's manufacturing sector / |h[electronic resource]|cby Po-Chih Lee, Darlene Murphy and Steven Tzeferakos. |
| 260 | |aOttawa - Ontario : |bIndustry Canada |cMarch 2001. |
| 300 | |a76p.|bfig., graphs, tables |
| 500 | |aThe catalogue number (C2-553/2001E) and ISBN (0-662-30000-9) for the print edition have been incorrectly copied in this electronic publication. |
| 504 | |aBibliography. |
| 590 | |a11-28-Supp|b2011-11-17 |
| 690 | 07|aManufacturing industry|2gcpds |
| 690 | 07|aProductivity|2gcpds |
| 690 | 07|aLabour|2gcpds |
| 690 | 07|aIndustrial technology|2gcpds |
| 720 | 1 |aLee, Po-Chih |
| 720 | 1 |aMurphy, Darlene |
| 720 | 1 |aTzeferakos, Steven |
| 775 | 08|tPerformance du secteur manufacturier du Canada / |w(CaOODSP)9.639344 |
| 776 | 0#|tPerformance of Canada's manufacturing sector / |w(CaOODSP)9.648057 |
| 856 | 40|ahttp://publications.gc.ca|qPDF|s379 KB|uhttps://publications.gc.ca/collections/Collection/C2-553-2001E.pdf |
| 986 | |a53344E |